Doctors of Amsterdam : (Record no. 114)

000 -LEADER
fixed length control field 01578cam a2200421 a 4500
001 - CONTROL NUMBER
control field 12844820
003 - CONTROL NUMBER IDENTIFIER
control field OSt
005 - DATE AND TIME OF LATEST TRANSACTION
control field 20210416053329.0
008 - FIXED-LENGTH DATA ELEMENTS--GENERAL INFORMATION
fixed length control field 020117s2002 ne abce b 001 0 eng d
010 ## - LIBRARY OF CONGRESS CONTROL NUMBER
LC control number 2002445974
020 ## - INTERNATIONAL STANDARD BOOK NUMBER
International Standard Book Number 9053564950
035 ## - SYSTEM CONTROL NUMBER
System control number (OCoLC)ocm48805608
040 ## - CATALOGING SOURCE
Original cataloging agency EUW
Transcribing agency EUW
Modifying agency DLC
041 1# - LANGUAGE CODE
Language code of text/sound track or separate title eng
Language code of original dut
042 ## - AUTHENTICATION CODE
Authentication code lccopycat
043 ## - GEOGRAPHIC AREA CODE
Geographic area code e-ne---
050 00 - LIBRARY OF CONGRESS CALL NUMBER
Classification number R789
Item number .M6613 2002
080 ## - UNIVERSAL DECIMAL CLASSIFICATION NUMBER
Universal Decimal Classification number 61(09)
Item number M-83
082 00 - DEWEY DECIMAL CLASSIFICATION NUMBER
Classification number 610/.9492/352
Edition number 21
100 1# - MAIN ENTRY--PERSONAL NAME
Personal name Mooij, Annet.
240 10 - UNIFORM TITLE
Uniform title Polsslag van de stad.
Language of a work English
245 10 - TITLE STATEMENT
Title Doctors of Amsterdam :
Remainder of title patient care, medical training and research (1650-2000) /
Statement of responsibility, etc. by Annet Mooij ; translated from the Dutch by Beverley Jackson.
260 ## - PUBLICATION, DISTRIBUTION, ETC.
Place of publication, distribution, etc. Amsterdam :
Name of publisher, distributor, etc. Amsterdam University Press,
Date of publication, distribution, etc. c2002.
300 ## - PHYSICAL DESCRIPTION
Extent 458 p. :
Other physical details ill., ports., plan, map ;
Dimensions 24 cm.
504 ## - BIBLIOGRAPHY, ETC. NOTE
Bibliography, etc. note Includes bibliographic references (p. 432-451) and index.
610 20 - SUBJECT ADDED ENTRY--CORPORATE NAME
Corporate name or jurisdiction name as entry element Universiteit van Amsterdam.
Subordinate unit Akademisch Medisch Centrum.
650 #0 - SUBJECT ADDED ENTRY--TOPICAL TERM
Topical term or geographic name entry element Medical education
Geographic subdivision Netherlands
-- Amsterdam
General subdivision History.
650 #0 - SUBJECT ADDED ENTRY--TOPICAL TERM
Topical term or geographic name entry element Academic medical centers
Geographic subdivision Netherlands
-- Amsterdam
General subdivision History.
650 #2 - SUBJECT ADDED ENTRY--TOPICAL TERM
Topical term or geographic name entry element Physicians
General subdivision history.
650 #2 - SUBJECT ADDED ENTRY--TOPICAL TERM
Topical term or geographic name entry element Delivery of Health Care
General subdivision history.
650 #2 - SUBJECT ADDED ENTRY--TOPICAL TERM
Topical term or geographic name entry element Research
General subdivision history.
650 #2 - SUBJECT ADDED ENTRY--TOPICAL TERM
Topical term or geographic name entry element Education, Medical
General subdivision history.
700 1# - ADDED ENTRY--PERSONAL NAME
Personal name Jackson, Beverley.
856 42 - ELECTRONIC LOCATION AND ACCESS
Materials specified Publisher description
Uniform Resource Identifier <a href="http://www.loc.gov/catdir/description/uchi052/2002445974.html">http://www.loc.gov/catdir/description/uchi052/2002445974.html</a>
906 ## - LOCAL DATA ELEMENT F, LDF (RLIN)
a 7
b cbc
c copycat
d 3
e ncip
f 20
g y-gencatlg
942 ## - ADDED ENTRY ELEMENTS (KOHA)
Source of classification or shelving scheme
Koha item type Books
Holdings
Withdrawn status Lost status Source of classification or shelving scheme Damaged status Not for loan Permanent location Current location Date acquired Inventory number Full call number Barcode Date last seen Price effective from Koha item type
          Ken Walker International University Ken Walker International University 11/11/2020 302 61(09) M-83 302 11/11/2020 11/11/2020 Books

Powered by Koha